As aventuras de pépin o pequeno peregrino (Record no. 189793)

MARC details
000 -LÍDER
campo de controle de tamanho fixo 00415 a2200169 4500
001 - NÚMERO DE CONTROLE
campo de controle 189793
020 ## - ISBN - INTERNATIONAL STANDARD BOOK NUMBER
ISBN - International Standard Book Number 978-85-329-0761-5
040 ## - FONTE DA CATALOGAÇÃO
Instituição que transcreveu o registro Magnum
100 ## - ENTRADA PRINCIPAL--NOME PESSOAL
Nome pessoal Farah, Fábio Tucci
240 10 - TÍTULO UNIFORME
Título uniforme As aventuras de pépin o pequeno peregrino
Idioma da obra por
245 10 - TÍTULO
Título As aventuras de pépin o pequeno peregrino
300 ## - DESCRIÇÃO FÍSICA
Extensão 104
362 0# - DATAS DE PUBLICAÇÃO E/OU DESIGNAÇÃO SEQUENCIAL
Datas de publicação e/ou designação sequencial 2012
440 #1 - DECLARAÇÃO DE SÉRIE/ENTRADA ADICIONADA--TÍTULO
Título
697 ## - ENTRADA DE ASSUNTO LOCAL--ENTIDADE COLETIVA (RLIN)
Nome corporativo ou nome da jurisdição LITERATURA INFANTO-JUVENIL
942 ## - ELEMENTOS DE ENTRADA ADICIONADOS (KOHA)
Tipo de material Koha Livros
Holdings
Situação do descarte Situação das perdas Situação física Não pode ser emprestado Biblioteca de origem Biblioteca atual Data de aquisição Total de empréstimos Número de chamada completo Código de barras Data de último acesso Data do preço efetivo Tipo de material Koha
        Magnum Magnum 08/06/2024   869.2.967 MAG00065362 08/06/2024 08/06/2024 Livros
        Magnum Magnum 08/06/2024   869.2.967 MAG00076296 08/06/2024 08/06/2024 Livros